Statistics for Greatest British Boxers since 1990

Click here to take the quiz!

General Stats

  • This quiz has been taken 124 times
  • The average score is 8 of 15

Answer Stats

HintAnswer% Correct
7Tyson Fury
93%
11Anthony Joshua
87%
1Lennox Lewis
84%
8Ricky Hatton
66%
5Chris Eubank
59%
2Joe Calzaghe
53%
12Amir Khan
51%
9Frank Bruno
51%
10David Haye
49%
6Nigel Benn
49%
3Naseem Hamed
47%
4Carl Froch
46%
13Kell Brook
31%
15Johnny Nelson
19%
14Herbie Hide
11%

Score Distribution

Percentile by Number Answered

Percent of People with Each Score

Your Score History

You have not taken this quiz